Pandit Ishwar Chandra Vidhyasagar on His Bicentenary/ (Record no. 207477)
[ view plain ]
| 000 -LEADER | |
|---|---|
| fixed length control field | 00768nam a22002057a 4500 |
| 005 - DATE AND TIME OF LATEST TRANSACTION | |
| control field | 20241206160814.0 |
| 010 ## - LCCN (DPL NO) | |
| LC control number | ENG-142864 |
| 020 ## - INTERNATIONAL STANDARD BOOK NUMBER | |
| International Standard Book Number | 9789389224801 |
| Terms of availability | 995.00 |
| 035 ## - SYSTEM CONTROL NUMBER | |
| System control number | EN-126496 |
| 037 ## - SOURCE OF ACQUISITION | |
| Source of stock number/acquisition | DBAD |
| 082 ## - DEWEY DECIMAL CLASSIFICATION NUMBER | |
| Classification number | 921 |
| Edition number | 1 |
| 245 ## - TITLE STATEMENT | |
| Title | Pandit Ishwar Chandra Vidhyasagar on His Bicentenary/ |
| Medium | |
| Statement of responsibility, etc | Edited by Sunil Kumar Baskey; Suman Kalyan Roy [and] Dipankar Roy |
| 260 ## - PUBLICATION, DISTRIBUTION, ETC. (IMPRINT) | |
| Place of publication, distribution, etc | New Delhi |
| Name of publisher, distributor, etc | Kunal Books |
| Date of publication, distribution, etc | 2021 |
| 270 ## - ADDRESS | |
| Address | 4648/21, Ist Floor, Ansari Road, Darya Ganj |
| City | New Delhi |
| Postal code | 110002 |
| Telephone number | 011-23275069 |
| -- | 9811043697 |
| Electronic mail address | kunalbooks@gmail.com |
| 300 ## - PHYSICAL DESCRIPTION | |
| Extent | 263p. |
| Dimensions | 24cm(Hb) |
| 700 ## - ADDED ENTRY--PERSONAL NAME | |
| Personal name | Baskey, Sunil Kumar |
| Relator term | Editor |
| 9 (RLIN) | 74816 |
| 700 ## - ADDED ENTRY--PERSONAL NAME | |
| Personal name | Roy, Suman Kalyan |
| Relator term | Editor |
| 9 (RLIN) | 74817 |
| 700 ## - ADDED ENTRY--PERSONAL NAME | |
| Personal name | Roy, Dipankar |
| Relator term | Editor |
| 9 (RLIN) | 74818 |
| 942 ## - ADDED ENTRY ELEMENTS (KOHA) | |
| Source of classification or shelving scheme | Dewey Decimal Classification |
| Item type | English Books |
| Call number suffix | PAN |
| Classification part | 921 |
| Withdrawn status | Lost status | Not for loan | Collection code | Home library | Current library | Date acquired | Source of acquisition | Cost, normal purchase price | Full call number | Barcode | Copy number | Cost, replacement price | Koha item type |
|---|---|---|---|---|---|---|---|---|---|---|---|---|---|
| Non-fiction | R.K.Puram-8 | R.K.Puram-8 | 06/12/2024 | Delivery of Books Division | 995.00 | PAN 921 | EN-126396 | 1 | 995.00 | English Books |
